La science de l'immortalitè / (Record no. 58029)

MARC details
000 -LEADER
campo de control de longitud fija 00563nam a2200193 i 4500
001 - NÚMERO DE CONTROL
campo de control 58029
003 - IDENTIFICADOR DE NÚMERO DE CONTROL
campo de control ES-MaACL
005 - FECHA Y HORA DE LA ÚLTIMA TRANSACCIÓN
campo de control 20230906163717.0
007 - CAMPO FIJO DE DESCRIPCIÓN FÍSICA--INFORMACIÓN GENERAL
campo de control de longitud fija t|
008 - DATOS DE LONGITUD FIJA--INFORMACIÓN GENERAL
campo de control de longitud fija 031020s1919 fr ||||1| fre d
100 1# - ENTRADA PRINCIPAL--NOMBRE DE PERSONA
Nombre de persona Dunlop, D. N.
9 (RLIN) 46047
245 13 - MENCIÓN DEL TÍTULO
Título La science de l'immortalitè /
Mención de responsabilidad, etc. D.N. Dunlop.
260 ## - PUBLICACIÓN, DISTRIBUCIÓN, ETC.
Lugar de publicación, distribución, etc. [S.n. :
Nombre del editor, distribuidor, etc. s.l.,
Fecha de publicación, distribución, etc. 1919] (
Lugar de fabricación/manufactura Saint Amand :
Fabricante Bussière)
300 ## - DESCRIPCIÓN FÍSICA
Extensión 119 p. ;
Dimensiones 19 cm.
490 1# - MENCIÓN DE SERIE
Mención de serie Bibliothèque theosophique
830 0# - PUNTO DE ACCESO ADICIONAL DE SERIE-TÍTULO UNIFORME
Título uniforme Bibliothèque theosophique
9 (RLIN) 230458
852 ## - LOCALIZACIÓN
Ubicación ES-MaACL
Número de control de estantería 1676-F-8
Sublocalización o colección R.4576
Holdings
Estatus retirado Estado de pérdida Estado de daño No para préstamo Colección Biblioteca de origen Biblioteca actual Ubicación en estantería Fecha de adquisición Fuente de adquisición Total de préstamos Signatura topográfica completa Código de barras Visto por última vez Precio de reemplazo Tipo de ítem Koha
        Colección de folletos Biblioteca del Ateneo de Madrid Biblioteca del Ateneo de Madrid Depósito folletos 17/01/2008     1676-F-8 1060901 23/02/2023 23/02/2023 Folleto